Diccionario enciclopédico ilustrado oriente. suplementos especiales /
Guardado en:
| Formato: | Libro |
|---|---|
| Publicado: |
Buenos Aires :
Oriente,
1989
|
| Materias: | |
| Etiquetas: |
Agregar Etiqueta
Sin Etiquetas, Sea el primero en etiquetar este registro!
|
| LEADER | 00445nam a22001455a 4500 | ||
|---|---|---|---|
| 001 | CEM.cems016542 | ||
| 005 | 20100301153318.0 | ||
| 008 | 130507s1989##################000#0#####d | ||
| 003 | CEMS | ||
| 020 | |a 9509048652 | ||
| 082 | 0 | 4 | |a C036 |
| 245 | 0 | 0 | |a Diccionario enciclopédico ilustrado oriente. suplementos especiales / |
| 260 | |a Buenos Aires : |b Oriente, |c 1989 | ||
| 653 | |a Biblioteca agricu | ||
| 859 | |a CEMS |b BIB. CEMS - Agricultura |h C036 |i Or16-1 |p A17070.93 |t Ej.1 | ||
